000 00591nam a2200205Ia 4500
003 GCL
008 140319s9999 xx 000 0 ara d
020 _a3045201977
040 _aGCL /
_cGCL
082 0 4 _a926.1
_bر ر
100 1 _aرامبا، لوبسانج
245 1 0 _aرجل من التبت /
_cرامبا، لوبسانج
250 _aالاولى
260 _aالقاهرة :
_bالكتاب الذهبى ،
_c2000
300 _a243 ص ؛
_c24 سم
650 0 4 _aالتبت
650 0 4 _aالتبت - تراجم
650 0 4 _aلوبسانج رامبا
942 _2ddc
_cBK
999 _c6503
_d6503